<?xml version='1.0' encoding='UTF-8'?><?xml-stylesheet href='static/style.xsl' type='text/xsl'?><OAI-PMH xmlns="http://www.openarchives.org/OAI/2.0/" xmlns:xsi="http://www.w3.org/2001/XMLSchema-instance" xsi:schemaLocation="http://www.openarchives.org/OAI/2.0/ http://www.openarchives.org/OAI/2.0/OAI-PMH.xsd"><responseDate>2026-05-13T14:49:42Z</responseDate><request verb="GetRecord" identifier="oai:ebiltegia.mondragon.edu:20.500.11984/6059" metadataPrefix="marc">https://ebiltegia.mondragon.edu/oai/request</request><GetRecord><record><header><identifier>oai:ebiltegia.mondragon.edu:20.500.11984/6059</identifier><datestamp>2024-03-04T13:48:22Z</datestamp><setSpec>com_20.500.11984_473</setSpec><setSpec>col_20.500.11984_478</setSpec></header><metadata><record xmlns="http://www.loc.gov/MARC21/slim" xmlns:dcterms="http://purl.org/dc/terms/" xmlns:xsi="http://www.w3.org/2001/XMLSchema-instance" xmlns:doc="http://www.lyncode.com/xoai" xsi:schemaLocation="http://www.loc.gov/MARC21/slim http://www.loc.gov/standards/marcxml/schema/MARC21slim.xsd">
   <leader>00925njm 22002777a 4500</leader>
   <datafield ind2=" " ind1=" " tag="042">
      <subfield code="a">dc</subfield>
   </datafield>
   <datafield ind2=" " ind1=" " tag="720">
      <subfield code="a">Shevtsova, Valentina</subfield>
      <subfield code="e">author</subfield>
   </datafield>
   <datafield ind2=" " ind1=" " tag="260">
      <subfield code="c">2021</subfield>
   </datafield>
   <datafield ind2=" " ind1=" " tag="520">
      <subfield code="a">The behaviour of the ternary hydrocarbon mixture of toluene-methanol-cyclohexane in mass proportion 0.62/0.31/0.07 is studied. The direct numerical simulation is carried out for the two-dimensional closed cavity heated from above. The mixture is supposed to be in the gravity field. The behavior of the mixture is predominantly caused by the Soret effect (thermal diffusion). An important parameter, responsible for the Soret effect, is the net separation ratio, Ψ. For the mixture under consideration, the two sets of values of Ψ are known. In both cases, the values of Ψ turn out to be close to zero, but in one case Ψ is slightly positive, and it is slightly negative in the second one. This results in qualitative difference in the evolution of the mixture under consideration. If Ψ > 0, the mixture comes to the mechanical equilibrium. If Ψ &lt; 0, we observe the system to be at the border of stability, under small perturbation there is no instability, but for the perturbation amplitude higher than a threshold value of the convective single-vortex flow arises.</subfield>
   </datafield>
   <datafield ind1="8" ind2=" " tag="024">
      <subfield code="a">1742-6596</subfield>
   </datafield>
   <datafield ind1="8" ind2=" " tag="024">
      <subfield code="a">https://katalogoa.mondragon.edu/janium-bin/janium_login_opac.pl?find&amp;ficha_no=164838</subfield>
   </datafield>
   <datafield ind1="8" ind2=" " tag="024">
      <subfield code="a">https://hdl.handle.net/20.500.11984/6059</subfield>
   </datafield>
   <datafield ind2="0" ind1="0" tag="245">
      <subfield code="a">Behaviour of a Ternary Mixture with the Net Separation Ratio Close to Zero</subfield>
   </datafield>
</record></metadata></record></GetRecord></OAI-PMH>